000 00962naa a2200277 c 4500
001 31585
003 ES-MaCES
005 20221201040017.0
008 000313n1999 sp ||| | spa d
035 _aCES20000001067v
040 _aES-MaCES
_bspa
_cES-MaCES
100 1 _aVicente Pachés, Fernando de
_925796
245 1 3 _aEl contrato para la formación
_b: régimen jurídico
_cpor Fernando de Vicente Pachés
504 _aBibliografía
650 4 _alegislación del trabajo
_927166
650 4 _aEspaña
_926964
650 4 _arelación formación empleo
_929976
650 4 _acontrato de aprendizaje
_929927
650 4 _acontrato de trabajo
_928316
653 1 0 _aRelaciones laborales-Empleo
650 4 _927392
_aformación
773 0 _tTribuna social
_gn. 107 (nov. 1999){10448 R. 033615}; p. 28-40
_w(ES-MaCES)25455
_959460
902 _aART Artículo de revista
942 _2CES
_cAR
_h2.0.
999 _c31585
_d31585